banner-ar

TURKEY AND THE WEST / (Record no. 24512)

MARC details
000 -الفاتح
حقل البيانات ثابتة الطول 00438nam a2200181Ia 4500
008 - عناصر البيانات ثابتة الطول - معلومات عامة
حقل البيانات ثابتة الطول 140319s9999 xx 000 0 eng d
040 ## - مصدر الفهرسة
وكالة الفهرسة الأصلية GCL /
وكالة النسخ GCL
082 04 - رقم تصنيف ديوى العشرى
رقم التصنيف 956.1
رقم المادة B T
100 1# - المدخل الرئيسى - إسم شخصى
الإسم الشخصى BARCHARD, DAVID
245 10 - بيان العنوان
العنوان TURKEY AND THE WEST /
بيان المسئوليه,etc BARCHARD, DAVID
260 ## - PUBLICATION, DISTRIBUTION, ETC. (IMPRINT)
تاريخ النشر أو التوزيع 1985
300 ## - الوصف المادى
التعداد 100 P
650 04 - المدخل الاضافى بالموضوع-مصطلح موضوعى
مصطلح موضوعي TURKEY
650 04 - المدخل الاضافى بالموضوع-مصطلح موضوعى
مصطلح موضوعي DOMESTIC STABILITY
650 04 - المدخل الاضافى بالموضوع-مصطلح موضوعى
مصطلح موضوعي WEST
942 ## - عناصر المدخل الإضافي( كوها)
مصدر التصنيف او مخطط الترفيف Dewey Decimal Classification
Koha [default] item type كتاب
260 ## - PUBLICATION, DISTRIBUTION, ETC. (IMPRINT)
-- [S.N] :
-- ROUTLEDGE ،
Holdings
حالة التراجع حالة الفقد حالة تلف ليس للاعارة المكان المؤقت الموقع الحالى تاريخ الاكتساب اجمالي اﻻعارات رقم الطلب الباركود تاريخ اخر مشاهدة تاريخ تفعيل السعر نوع وعاء كوها
        مكتبة القاهرة الكبرى مكتبة القاهرة الكبرى 03/26/2014   956.1\B T 43476 03/26/2014 03/26/2014 كتاب
        مكتبة القاهرة الكبرى مكتبة القاهرة الكبرى 03/26/2014   956.1\B T 43477 03/26/2014 03/26/2014 كتاب
        مكتبة القاهرة الكبرى مكتبة القاهرة الكبرى 03/26/2014   956.1\B T 43478 03/26/2014 03/26/2014 كتاب

Powered By

EGPV